00848nam a2200301Ia 4500008004000000020001800040041000800058082001800066100001900084245005500103260004600158300001300204650000600217650000700223650001100230650000800241650001000249650000700259650000600266650001400272650001400286650000800300690001400308700002600322906001100348999001900359952016800378210210b2012 xxu||||| |||| 00| 0 eng d a9780198078555 aeng a330.0954 BASN aBASU (Kaushik) aNew Oxford companion to economics in India V I A-H aNew DelhibOxford University Pressc2012 axvi, 357 aV ato aoxford aNew aIndia ain aI aeconomics acompanion aA-H aEconomics aMAERTENS (Annemie) Ed a067984 c152276d152276 001040738EconomicsaALbALcEconomicsd2021-02-17eBiblios, Bunts Hostel Road, Mangaloreg2215.00l0o330.0954 BASNp067984r2021-02-17 00:00:00w2021-02-17yBK